Microelectronic Circuit Design / (Record no. 616481)

000 -LEADER
fixed length control field 00691nam a22001937a 4500
003 - CONTROL NUMBER IDENTIFIER
control field NUST
005 - DATE AND TIME OF LATEST TRANSACTION
control field 20260303094203.0
020 ## - INTERNATIONAL STANDARD BOOK NUMBER
International Standard Book Number 9781260597851
082 ## - DEWEY DECIMAL CLASSIFICATION NUMBER
Classification number 621.3815.JAE
100 ## - MAIN ENTRY--PERSONAL NAME
Personal name Jaeger, Richard C.
9 (RLIN) 55586
245 ## - TITLE STATEMENT
Title Microelectronic Circuit Design /
Statement of responsibility, etc. Richard C. Jaeger, Travis N. Blalock, Benjamin J. Blalock
250 ## - EDITION STATEMENT
Edition statement 6th edition
260 ## - PUBLICATION, DISTRIBUTION, ETC.
Place of publication, distribution, etc. New York,
Name of publisher, distributor, etc. McGraw Hill,
Date of publication, distribution, etc. 2023
300 ## - PHYSICAL DESCRIPTION
Extent xxv, 1140 p
505 ## - FORMATTED CONTENTS NOTE
Formatted contents note Part One. Solid State Electronics and Devices (Page-1), Part Two. Analog Electronics (Page-311), Part Three. Operational Amplifiers and Feedback (Page-647).
650 ## - SUBJECT ADDED ENTRY--TOPICAL TERM
Topical term or geographic name entry element Microelectronic
9 (RLIN) 133550
651 ## - SUBJECT ADDED ENTRY--GEOGRAPHIC NAME
Geographic name Circuit Design
9 (RLIN) 133551
942 ## - ADDED ENTRY ELEMENTS (KOHA)
Source of classification or shelving scheme
Koha item type Reference
Holdings
Withdrawn status Lost status Source of classification or shelving scheme Damaged status Not for loan Permanent Location Current Location Shelving location Date acquired Full call number Barcode Date last seen Price effective from Koha item type Public note
          Military College of Signals (MCS) Military College of Signals (MCS) Reference 03/03/2026 621.3815.JAE MCS38955 03/03/2026 03/03/2026 Reference Almirah No.43, Shelf No.1
© 2023 Central Library, National University of Sciences and Technology. All Rights Reserved.